000 01046cam a22001815a 4500
001 L159244
008 070404s2013 xxko f 000 0 eng d
035 _a(Sirsi) u159244
041 0 _aeng
110 2 _aRoyal Institution of Chartered Surveyors
_94900
245 0 2 _aA vision for sustainability
_bRICS corporate responsibility report
_bNovember 2013
_h[electronic resource]
260 _aLondon
_bRICS
_c2013
505 2 _aA word from the CEO -- Work in the area of human rights -- Work in the area of labour -- Work in the area of environment -- Work in the area of community engagement -- Work in the area of anti-corruption -- Work in the area of knowledge and capacity building -- Work in the area of communication and stakeholder engagement -- Work with the UN and stakeholder engagement -- Work ahead: our plan for 2013/2014
651 4 _aEngland and Wales
_y1543-
690 _aABOUT RICS
856 4 8 _uhttps://www.rics.org/Global/corporate_responsibility_2013final_asn.pdf
_zView the item free of charge at www.rics.org...
942 _n0
999 _c115761
_d115761